000 00473nam a2200181Ia 4500
003 GCL
008 140319s9999 xx 000 0 ara d
040 _aGCL /
_cGCL
082 0 4 _a641.7
_bل ر
100 1 _aللى اسطفان
245 1 0 _aرفيق المطبخ /
_cللى اسطفان
260 _a[S.N] :
_bدار الانماء ،
_c1990
300 _a470
490 _a
650 0 4 _aالاقتصاد المنزلى
650 0 4 _aالطهى
942 _2ddc
_cBK
999 _c53937
_d53937